Paroles Nekfeu - Ma dope - Statistiques

Statistiques générales
  • Ce quiz a été pris 496 fois
  • Le résultat moyen est 318 sur 483
Statistiques - réponses
Réponse % Correct
ce
96%
ma
96%
Ma
96%
ces
95%
c'est
95%
à
94%
ça
93%
dope
92%
Je
91%
je
91%
de
89%
le
89%
me
89%
mon
88%
ta
85%
Ta
85%
au
84%
la
84%
84%
rien
84%
un
84%
Un
84%
foutre
83%
mes
82%
Mes
82%
ai
81%
comme
81%
Les
81%
les
81%
tu
81%
Tu
81%
J'en
80%
j'en
80%
J'suis
80%
j'suis
80%
ton
80%
ne
79%
On
79%
on
79%
flow
78%
vie
78%
aux
77%
avis
77%
dans
76%
moi
76%
pas
76%
que
76%
seul
76%
sur
76%
te
76%
ville
76%
commandes
75%
skate
75%
son
75%
amis
74%
style
74%
veux
74%
est
72%
petite
72%
amie
71%
beau
71%
et
71%
toujours
71%
m'appelle
70%
du
69%
l'on
69%
pour
69%
Pour
69%
une
69%
en
68%
En
68%
des
66%
m'en
66%
stone
66%
Stonne
66%
j'representerai
65%
quoi
65%
Rolling
65%
comment
64%
controler
64%
fracture
64%
Mac
64%
voudrais
64%
dos
63%
jusqu'à
63%
longboard
63%
profite
63%
J'ai
62%
j'ai
62%
journée
62%
porte
62%
tout
62%
Wesh
62%
bordel
61%
caille
61%
il
61%
monde
61%
n'a
61%
part
61%
Pendant
61%
péroné
61%
gars
60%
glisser
60%
park
60%
fonce-dé
59%
perroquet
59%
potes
59%
qu'elle
59%
T'inquiete
59%
jamais
58%
Prêt
58%
sont
58%
tes
58%
chute
57%
gros
57%
l'hopital
56%
mais
56%
Mais
56%
phénomène
56%
Qui
56%
qui
56%
Cain
55%
fait
55%
clan
54%
m'accueille
54%
mere
54%
place
54%
quelque
54%
répète
54%
salauds
54%
t'as
54%
t'avoir
54%
temps-là
54%
ventre
54%
weed
54%
Weed
54%
mene
53%
mène
53%
parte
53%
qu'on
53%
Ramène
53%
Bébé
51%
rentres
51%
selon
51%
tard
51%
même
50%
mic'
50%
oui
50%
Oui
50%
quand
50%
repos
50%
naan
49%
peut-etre
49%
rampes
49%
cheesse
48%
diffusé
48%
dit
48%
mangeurs
48%
vendre
48%
leur
47%
nés
47%
plus
47%
d'Hollande
46%
donnant
46%
rents-pa
46%
tous
46%
coups
45%
protège
45%
victoire
45%
dollar
44%
fais
44%
Si
44%
squatte
44%
Laurent
43%
plaire
43%
99
42%
faire
42%
prends
42%
sûrs
42%
tasses
41%
demande
40%
jeunes
40%
mode
40%
prise
40%
t'entraines
40%
vais
40%
croient
39%
porteurs
39%
blèmes
38%
Nikes
38%
verte
38%
Mamen
37%
Ils
36%
n'est
36%
donut
35%
fortunes
35%
kilos
35%
pourtant
35%
sous-estimes
35%
vous
35%
bande
34%
investit
34%
oh
34%
white
34%
épuisé
33%
Accoutrements
32%
d'aïkido
32%
étranges
32%
quête
32%
troué
32%
veulent
31%
boulot
30%
cerveau
30%
coupe
30%
maquer
30%
question
30%
vendent
30%
autoprod'
29%
d'honneur
29%
nineties
29%
n'suis
29%
widow
29%
Chez
28%
d'truck
28%
rouler
28%
formater
27%
sors
27%
Bouneau
26%
donc
26%
J'laisse
26%
bédave
25%
blancs
25%
ont
25%
thaï
25%
autant
24%
deux
23%
après
22%
radios
22%
lattes
21%
qu'oim
21%
Trunks
21%
servez-vous
19%
troupes
19%
Check
18%
Anh
16%
d'Heltah
16%
Skeltah
15%
Yup
14%
dawg
13%
hah
13%
m'ramenes
12%
Aucun quiz correspondant
Distribution des résultats
% des personnes avec chaque résultat
Percentile par nombre de réponses
Votre historique - résultats
Vous n’avez pas pris ce quiz